| 000 | 00727nam a2200241Ia 4500 | ||
|---|---|---|---|
| 003 | GCL | ||
| 008 | 140319s9999 xx 000 0 eng d | ||
| 040 |
_aGCL / _cGCL |
||
| 082 | 0 | 4 |
_a725.23095209048 _bH D |
| 100 | 1 | _aHARTKOPF, VOLKER | |
| 245 | 1 | 0 |
_aDESINING THE OFFICE OF THE FUTURE: THE JAPANESE APPROACH TO TOMOROUL'S WORKPLACE / _cHARTKOPF, VOLKER |
| 700 | 1 | _aDRAKE, PLEASANTIONE | |
| 700 | 1 | _aLAFTNESS, VIVIAN | |
| 260 |
_a[S.N] : _bJOHN WILEY AND SONS. INC ، _c1993 |
||
| 300 | _a264 P | ||
| 650 | 0 | 4 | _aOFFICE BUILDING |
| 650 | 0 | 4 | _aJAPAN |
| 650 | 0 | 4 | _aINTERITECTURE MODERN |
| 650 | 0 | 4 | _aالبنوك-النقود |
| 650 | 0 | 4 | _aENGINEER DESIGN |
| 650 | 0 | 4 | _aJAPANESE APPROACH TO TOMORROW |
| 942 |
_2ddc _cBK |
||
| 999 |
_c25294 _d25294 |
||